000 00826cam a2200229 4500
001 WB3633-14
008 000000n2000 000 0 eng u
035 _a(Sirsi) u107990
245 _aPopulation projections: 1998-based
260 _c2000
490 _aOffice for National Statistics News Release
_vPP2(22) 17 August 2000 (3)
520 _aCovers population projections in the UK. Links can be found at http://statistics.gov.uk and http://www.gad.gov.uk 'National population projections, 1998-based' Series PP2 no.22. TSO tel, 020 7873 9090 £30. ISBN 011 621 3914.
590 _aWB
650 _aPOPULATION GROWTH
650 _aOFFICE OF NATIONAL STATISTICS
650 _aUNITED KINGDOM
650 _aSTATISTICS
650 _aFORECASTS
650 _aPROJECTIONS
690 _aECONOMIC ISSUES
942 _n0
999 _c64512
_d64512